[Event "Charleroi op"]
[Site "Charleroi"]
[Date "2018.08.04"]
[Round "9"]
[White "Colin, Peter"]
[Black "Roos, David"]
[Result "0-1"]
[WhiteElo "1918"]
[BlackElo "2142"]
[PlyCount "60"]
[EventDate "2018.07.28"]
[EventType "swiss"]
[EventRounds "9"]
[EventCountry "BEL"]
[SourceTitle "CBM 185 Extra"]
[Source "ChessBase"]
[SourceDate "2018.07.29"]
[SourceVersion "1"]
[SourceVersionDate "2018.07.29"]
[SourceQuality "1"]

1. e4 c5 2. Nf3 d6 3. d4 cxd4 4. Nxd4 Nf6 5. Nc3 g6 6. Be3 Bg7 7. f3 0-0 8. Qd2 Nc6 9. 0-0-0 d5 10. Nxc6 bxc6 11. e5 Nd7 12. f4 Qa5 13. Kb1 Rb8 14. Ne4 Qa3 15. Qc3 Rxb2+ 16. Qxb2 Qxe3 17. Nd2 Qxf4 18. Bd3 Bxe5 19. Qa3 Qd4 20. Nb3 Qc3 21. Rde1 c5 22. Rxe5 Qxe5 23. Nxc5 Nxc5 24. Qxc5 Bd7 25. c3 Rb8+ 26. Ka1 Rc8 27. Qd4 Qxd4 28. cxd4 Bf5 29. Be2 Be4 30. Bf3 Bxf3 0-1

[Event "Charleroi op"]
[Site "Charleroi"]
[Date "2018.08.03"]
[Round "8"]
[White "Barbier, Wim"]
[Black "Colin, Peter"]
[Result "0-1"]
[WhiteElo "2117"]
[BlackElo "1918"]
[PlyCount "100"]
[EventDate "2018.07.28"]
[EventType "swiss"]
[EventRounds "9"]
[EventCountry "BEL"]
[SourceTitle "CBM 185 Extra"]
[Source "ChessBase"]
[SourceDate "2018.07.29"]
[SourceVersion "1"]
[SourceVersionDate "2018.07.29"]
[SourceQuality "1"]

1. c4 b6 2. Nc3 Bb7 3. e4 c5 4. g3 e6 5. Bg2 d6 6. Nge2 Nf6 7. 0-0 a6 8. d3 Qc7 9. h3 Be7 10. f4 Nc6 11. Be3 Nd7 12. Qd2 h6 13. f5 0-0-0 14. fxe6 fxe6 15. Nf4 Nf8 16. Ncd5 exd5 17. Nxd5 Qb8 18. Nxb6+ Kc7 19. Nd5+ Kc8 20. h4 Qa7 21. e5 dxe5 22. b4 Bd6 23. Rab1 Kb8 24. bxc5 Bxc5 25. Rxb7+ Kxb7 26. Rb1+ Kc8 27. Nb6+ Bxb6 28. Rxb6 Nd4 29. Qa5 Nd7 30. Rxa6 Qc7 31. Ra8+ Nb8 32. Qa4 Rd6 33. c5 Rg6 34. Bxd4 exd4 35. Bh3+ Kd8 36. Qxd4+ Ke7 37. Qe4+ Kf7 38. Bg2 Rxg3 39. Qd5+ Kf6 40. Qd4+ Qe5 41. Qf2+ Kg6 42. d4 Qe3 43. d5 Rd8 44. Qxe3 Rxe3 45. c6 Rc3 46. Ra7 Rd6 47. Ra8 Nxc6 48. dxc6 Rd1+ 49. Bf1 Rxc6 50. Rf8 Rf6 0-1

[Event "BEL-ch op"]
[Site "Lommel"]
[Date "2012.07.08"]
[Round "9"]
[White "Van Kessel, Wessel"]
[Black "Colin, Peter"]
[Result "0-1"]
[WhiteElo "1845"]
[BlackElo "1942"]
[PlyCount "116"]
[EventDate "2012.06.30"]
[EventType "swiss"]
[EventRounds "9"]
[EventCountry "BEL"]
[SourceTitle "EXT 2013"]
[Source "ChessBase"]
[SourceDate "2012.11.22"]
[SourceVersion "1"]
[SourceVersionDate "2012.11.22"]
[SourceQuality "1"]

1. e4 Nf6 2. Nc3 e5 3. f4 d6 4. Nf3 Nbd7 5. Bc4 Be7 6. 0-0 0-0 7. Bb3 c6 8. Kh1 Qc7 9. Qe1 a5 10. a4 Nc5 11. Ba2 Be6 12. d3 Bxa2 13. Rxa2 Na6 14. Ra1 Nb4 15. Qe2 Nd7 16. g4 exf4 17. Bxf4 Ne5 18. Nd4 g6 19. Bh6 Rfe8 20. h3 Bf8 21. Qd2 Qe7 22. Bg5 Qd7 23. Rf6 Bg7 24. Raf1 d5 25. Qf2 Nxg4 26. hxg4 Qxg4 27. Nf3 Bxf6 28. Bxf6 Qh3+ 29. Nh2 Re6 30. Bd4 f5 31. Ne2 Nxd3 32. cxd3 Qxd3 33. e5 c5 34. Bxc5 Rxe5 35. Nf4 Qe4+ 36. Qf3 Rc8 37. Qxe4 dxe4 38. Bd4 Ree8 39. Nd5 Kf7 40. Ng4 Red8 41. Nge3 Rxd5 42. Nxd5 Rd8 43. Bc3 Rxd5 44. Kg2 g5 45. Rc1 h5 46. Be1 Rd7 47. Bxa5 h4 48. Rc7 Rxc7 49. Bxc7 f4 50. b4 e3 51. b5 Kg6 52. Bd6 Kf5 53. a5 g4 54. a6 f3+ 55. Kg1 g3 56. axb7 e2 57. Bb4 f2+ 58. Kg2 f1Q# 0-1

[Event "BEL-ch op"]
[Site "Lommel"]
[Date "2012.07.07"]
[Round "8"]
[White "Colin, Peter"]
[Black "De Block, Yordi"]
[Result "1/2-1/2"]
[WhiteElo "1942"]
[BlackElo "1742"]
[PlyCount "134"]
[EventDate "2012.06.30"]
[EventType "swiss"]
[EventRounds "9"]
[EventCountry "BEL"]
[SourceTitle "EXT 2013"]
[Source "ChessBase"]
[SourceDate "2012.11.22"]
[SourceVersion "1"]
[SourceVersionDate "2012.11.22"]
[SourceQuality "1"]

1. e4 c6 2. Nf3 d5 3. Nc3 Bg4 4. h3 Bh5 5. exd5 cxd5 6. Bb5+ Nc6 7. g4 Bg6 8. Ne5 Qd6 9. d4 a6 10. Bxc6+ bxc6 11. Bf4 Qe6 12. Na4 Nf6 13. Nc5 Qc8 14. h4 h6 15. Nxg6 fxg6 16. f3 e6 17. Nd3 Nd7 18. Qe2 Kf7 19. 0-0-0 c5 20. Rde1 Qc6 21. Be3 c4 22. Nf4 c3 23. Qd3 cxb2+ 24. Kb1 e5 25. dxe5 Nxe5 26. Qxd5+ Qxd5 27. Nxd5 Nc4 28. Bf4 Ba3 29. Re4 Rhc8 30. Rd1 Rc6 31. Nc7 Rb8 32. Rdd4 Nd6 33. Bxd6 Bxd6 34. Nd5 Rxc2 35. Nb4 Bxb4 36. Kxc2 b1Q+ 37. Kxb1 Bc3+ 38. Kc2 Bxd4 39. Rxd4 Rb6 40. Kd3 Rb5 41. Rd7+ Kf8 42. Kc4 Rb2 43. a4 a5 44. Kc3 Rf2 45. Rd3 Rh2 46. Kc4 Rxh4 47. Kb5 h5 48. Kxa5 hxg4 49. fxg4 Rxg4 50. Kb5 Rg2 51. a5 Rb2+ 52. Kc6 Rc2+ 53. Kb7 Ke7 54. a6 Rb2+ 55. Ka8 Ke6 56. Rd8 Kf5 57. Rb8 Ra2 58. Rb6 g5 59. a7 Kf4 60. Kb7 Rxa7+ 61. Kxa7 g4 62. Rg6 Kf3 63. Kb6 g3 64. Kc5 g2 65. Kd4 Kf2 66. Rxg7 g1Q 67. Rxg1 Kxg1 1/2-1/2

[Event "BEL-ch op"]
[Site "Lommel"]
[Date "2012.07.05"]
[Round "6"]
[White "Van Mechelen, Jan"]
[Black "Colin, Peter"]
[Result "1-0"]
[WhiteElo "2247"]
[BlackElo "1942"]
[PlyCount "53"]
[EventDate "2012.06.30"]
[EventType "swiss"]
[EventRounds "9"]
[EventCountry "BEL"]
[SourceTitle "EXT 2013"]
[Source "ChessBase"]
[SourceDate "2012.11.22"]
[SourceVersion "1"]
[SourceVersionDate "2012.11.22"]
[SourceQuality "1"]

1. d4 Nf6 2. c4 g6 3. Nc3 Bg7 4. e4 d6 5. f3 Nc6 6. Nge2 a6 7. Be3 Rb8 8. Nc1 e5 9. Nb3 exd4 10. Nxd4 0-0 11. Be2 Bd7 12. Rc1 Re8 13. 0-0 b5 14. Nxc6 Bxc6 15. Qd2 Qc8 16. Nd5 bxc4 17. Nxf6+ Bxf6 18. Bd4 Bxd4+ 19. Qxd4 d5 20. b3 dxe4 21. Bxc4 Bb7 22. fxe4 Re7 23. Rxf7 Rxf7 24. Rf1 Qd8 25. Bxf7+ Kf8 26. Qh8+ Ke7 27. Qe5+ 1-0

[Event "BEL-ch op"]
[Site "Lommel"]
[Date "2012.07.01"]
[Round "2"]
[White "Colin, Peter"]
[Black "Snoeks, Marnicq"]
[Result "1-0"]
[WhiteElo "1942"]
[BlackElo "1706"]
[PlyCount "49"]
[EventDate "2012.06.30"]
[EventType "swiss"]
[EventRounds "9"]
[EventCountry "BEL"]
[SourceTitle "EXT 2013"]
[Source "ChessBase"]
[SourceDate "2012.11.22"]
[SourceVersion "1"]
[SourceVersionDate "2012.11.22"]
[SourceQuality "1"]

1. d4 d5 2. c4 c6 3. Nd2 Nf6 4. Ngf3 Bf5 5. Nh4 Bg6 6. Qb3 Qb6 7. Qh3 Nbd7 8. Nxg6 fxg6 9. c5 Qc7 10. Nf3 e5 11. Ng5 Be7 12. Ne6 Qb8 13. Nxg7+ Kd8 14. e3 exd4 15. Ne6+ Ke8 16. exd4 Kf7 17. Bh6 Bxc5 18. Ng5+ Ke8 19. dxc5 Qe5+ 20. Be2 Nxc5 21. 0-0 Nce4 22. Nxe4 dxe4 23. Rad1 Nd5 24. Be3 Nxe3 25. Qd7+ 1-0

[Event "BEL-ch op"]
[Site "Namur"]
[Date "2009.07.12"]
[Round "9"]
[White "Thora, Jack"]
[Black "Colin, Peter"]
[Result "1-0"]
[WhiteElo "1946"]
[BlackElo "1740"]
[PlyCount "49"]
[EventDate "2009.07.04"]
[EventType "swiss"]
[EventRounds "9"]
[EventCountry "BEL"]
[SourceTitle "EXT 2010"]
[Source "ChessBase"]
[SourceDate "2010.11.25"]
[SourceVersion "1"]
[SourceVersionDate "2010.11.25"]
[SourceQuality "1"]

1. Nf3 g6 2. e4 Bg7 3. Nc3 d6 4. g3 e5 5. Bg2 f5 6. d4 Nc6 7. dxe5 Nxe5 8. Nxe5 dxe5 9. Qxd8+ Kxd8 10. Bg5+ Bf6 11. 0-0-0+ Bd7 12. Bxf6+ Nxf6 13. exf5 gxf5 14. Bxb7 Rb8 15. Bc6 Rb6 16. Bxd7 Nxd7 17. Rd5 Ke7 18. Rhd1 Rd8 19. Ra5 Rb7 20. f4 exf4 21. Nd5+ Kf7 22. Nxf4 Kf6 23. Rad5 c5 24. Rd6+ Kf7 25. Ne6 1-0

[Event "BEL-ch op"]
[Site "Namur"]
[Date "2009.07.10"]
[Round "7"]
[White "Colin, Peter"]
[Black "Giadrosic, Dinko"]
[Result "1-0"]
[WhiteElo "1740"]
[BlackElo "2004"]
[PlyCount "42"]
[EventDate "2009.07.04"]
[EventType "swiss"]
[EventRounds "9"]
[EventCountry "BEL"]
[SourceTitle "EXT 2010"]
[Source "ChessBase"]
[SourceDate "2010.11.25"]
[SourceVersion "1"]
[SourceVersionDate "2010.11.25"]
[SourceQuality "1"]

1. e4 d6 2. d4 e5 3. Nf3 exd4 4. Nxd4 Nf6 5. Nc3 Be7 6. Bc4 0-0 7. h3 Nxe4 8. Nxe4 d5 9. Bd3 dxe4 10. Bxe4 Bf6 11. Nb3 Qe7 12. Qf3 Bxb2 13. Bxb2 f5 14. 0-0-0 fxe4 15. Qc3 Nc6 16. Nc5 e3 17. Rhe1 b6 18. Rxe3 Qf6 19. Qb3+ Qf7 20. Rg3 Qxb3 21. Rxg7+ Kh8 1-0